000 00587cam a22002291 4500
001 sa 68009763
003 DLC
005 20260227112546.0
008 950117s1967 ii 000 0 tamo
010 _asa 68009763
025 _aPL480:I-T-2340
035 _a(OCoLC)31829436
040 _aDLC
_cCU
_dCU
_dDLC
042 _apremarc
050 0 0 _aPL4758.4
_b.S4
100 1 _aSenthilnathan, S.,
_d1943-
245 1 0 _aTamil̲c cir̲ukataikaḷ.
260 _c[1967]
300 _aii, 100 p.
_c18 cm.
500 _aIn Tamil.
650 0 _aShort stories, Tamil
_xHistory and criticism.
999 _c83124
_d83124